|
|
|
|
| LEADER |
00000cam a22000004a 4500 |
| 001 |
musev2_80593 |
| 003 |
MdBmJHUP |
| 005 |
20230905052302.0 |
| 006 |
m o d |
| 007 |
cr||||||||nn|n |
| 008 |
180619s2019 enk o 00 0 eng d |
| 020 |
|
|
|a 9781447341833
|
| 020 |
|
|
|z 9781447341826
|
| 035 |
|
|
|a (OCoLC)1085566675
|
| 040 |
|
|
|a MdBmJHUP
|c MdBmJHUP
|
| 245 |
0 |
0 |
|a Dealing with Welfare Conditionality :
|b Implementation and Effects /
|c edited by Peter Dwyer.
|
| 264 |
|
1 |
|a Chicago, IL, USA :
|b Policy Press,
|c 2019.
|
| 264 |
|
3 |
|a Baltimore, Md. :
|b Project MUSE,
|c 2021
|
| 264 |
|
4 |
|c ©2019.
|
| 300 |
|
|
|a 1 online resource (200 pages).
|
| 336 |
|
|
|a text
|b txt
|2 rdacontent
|
| 337 |
|
|
|a computer
|b c
|2 rdamedia
|
| 338 |
|
|
|a online resource
|b cr
|2 rdacarrier
|
| 588 |
|
|
|a Description based on print version record.
|
| 650 |
|
7 |
|a Welfare recipients.
|2 fast
|0 (OCoLC)fst01173635
|
| 650 |
|
7 |
|a Social policy.
|2 fast
|0 (OCoLC)fst01122738
|
| 650 |
|
7 |
|a Public welfare.
|2 fast
|0 (OCoLC)fst01083250
|
| 650 |
|
0 |
|a Social policy.
|
| 650 |
|
0 |
|a Welfare recipients
|z Great Britain.
|
| 650 |
|
0 |
|a Public welfare
|z Great Britain.
|
| 651 |
|
7 |
|a Great Britain.
|2 fast
|0 (OCoLC)fst01204623
|
| 651 |
|
0 |
|a Great Britain
|x Social policy.
|
| 655 |
|
7 |
|a Electronic books.
|2 local
|
| 700 |
1 |
|
|a Dwyer, Peter,
|d 1958-
|e editor.
|
| 710 |
2 |
|
|a Welfare conditionality
|
| 710 |
2 |
|
|a Project Muse.
|e distributor
|
| 830 |
|
0 |
|a Book collections on Project MUSE.
|
| 856 |
4 |
0 |
|z Texto completo
|u https://projectmuse.uam.elogim.com/book/80593/
|
| 945 |
|
|
|a Project MUSE - Custom Collection
|